01835nmm a2200337 i 4500001000700000003000700007005001700014007001000031008004100041035002100082035001300103040003900116245010600155250002300261260005600284300005000340336005600390337002300446338002400469500004500493518004700538520051100585586020901096600003601305650002601341650003001367655001701397655002601414700002701440852003001467195437SpMaBN20250823051222.0vd*cvaizz240612s2010 sp 030 g v spa  a(OCoLC)989141728 aa5968824 aSpMaBNbspacSpMaBNerdcdES-MaACL00aBeneyto desdoblándoseh[Recurso Electrónico] /cdirección Adriana Hoyos ; guión Adriana Hoyos aEdición no venal a[Majadahonda (Madrid) :bLa huella del gato,c2010. a1 DVD-vídeo (30 min) :bson., col. ;c12 cm aImagen (en movimiento ; bidimensional)2isbdcontent avídeo2isbdmedia 2rdacarrieravolumen aDistribuido junto a la revista Barcarola aCortometraje realizado en España en 2010 aBeneyto pintor, escritor y editor es uno de los últimos exponentes del postismo. Esta obra difumina los límites entre realidad y ficción para adentrarnos en el universo surrealista beneytiano. Algunos de sus amigos como Pere Gimferrer, José Corredor Matheos, Jaime D. Parra o Glòria Bosch nos revelan algo de su enigmática personalidad. Mantuvo una afectuosa correspondencia con Alejandra Pizarnik, que recorre la película a través de sus fotos, de sus cartas, siendo una presencia ausente. aPresentado y seleccionado en los festivales de: Ankara International Film Festival. 2012, FICA Festival Internacional de Creación Audiovisual 2011, 13ª Muestra Internacional Documental de Bogotá 201104aBeneyto, Antonio,d1934-2embne 7aArte español2embne 7aSurrealismo (Arte)2embne 0aDocumentales 7aCortometrajes2tgfbne1 aHoyos, Adriana,d1966- aES-MaACLcROTjROT 6/3/12